00383nam a2200133Ia 4500008004100000082001200041100002000053245002100073260002100094600001500115942000700130952009500137999001700232241002s9999 xx 000 0 und d a612 WAL aKenneth, Walker 0aHuman physiology aMelbourne:c1953 aPhysiology cUC 00104070aUITUbUITUd1994-01-01l0o612 WALpUC671r2024-10-02 09:31:26w2024-10-02yUC c18998d18998